<?xml version="1.0" encoding="UTF-8"?>
<record
    xmlns:xsi="http://www.w3.org/2001/XMLSchema-instance"
    xsi:schemaLocation="http://www.loc.gov/MARC21/slim http://www.loc.gov/standards/marcxml/schema/MARC21slim.xsd"
    xmlns="http://www.loc.gov/MARC21/slim">

  <leader>01683cam a22002655i 4500</leader>
  <datafield tag="999" ind1=" " ind2=" ">
    <subfield code="c">64270</subfield>
    <subfield code="d">64270</subfield>
  </datafield>
  <controlfield tag="005">20240530110723.0</controlfield>
  <controlfield tag="008">180104t20172017ua abf f      001 0 eng d</controlfield>
  <datafield tag="020" ind1=" " ind2=" ">
    <subfield code="a">9789774167904</subfield>
  </datafield>
  <datafield tag="040" ind1=" " ind2=" ">
    <subfield code="a">EG-CaGPL</subfield>
    <subfield code="c">EG-CaGPL</subfield>
  </datafield>
  <datafield tag="082" ind1="0" ind2="4">
    <subfield code="a">932 /</subfield>
    <subfield code="b">CC / V A</subfield>
    <subfield code="2">21</subfield>
  </datafield>
  <datafield tag="100" ind1="1" ind2=" ">
    <subfield code="a">Verner, Miroslav.</subfield>
  </datafield>
  <datafield tag="245" ind1="1" ind2="0">
    <subfield code="a">Abusir :</subfield>
    <subfield code="b">the necropolis of the sons of the sun /</subfield>
    <subfield code="c">Miroslav Verner.</subfield>
  </datafield>
  <datafield tag="250" ind1=" " ind2=" ">
    <subfield code="a">Revised and updated edition</subfield>
  </datafield>
  <datafield tag="260" ind1=" " ind2=" ">
    <subfield code="a"> :Cairo</subfield>
    <subfield code="b">The American University in Cairo Press,</subfield>
    <subfield code="c">2017.</subfield>
  </datafield>
  <datafield tag="300" ind1=" " ind2=" ">
    <subfield code="a">xii, 419 pages, 16 unnumbered pages of plates :</subfield>
    <subfield code="b">illustrations (some color), maps ;</subfield>
    <subfield code="c">24 cm</subfield>
  </datafield>
  <datafield tag="500" ind1=" " ind2=" ">
    <subfield code="a">An earlier version of this book was published as Abusir: realm of Osiris in 2002.</subfield>
  </datafield>
  <datafield tag="504" ind1=" " ind2=" ">
    <subfield code="a">Includes bibliographical references (pages 391-408) and index.</subfield>
  </datafield>
  <datafield tag="651" ind1="0" ind2="7">
    <subfield code="a">Abu Sir Site (J&#x12B;zah, Egypt)</subfield>
    <subfield code="2">qrmak</subfield>
  </datafield>
  <datafield tag="651" ind1="0" ind2="7">
    <subfield code="a">Egypt</subfield>
    <subfield code="z">J&#x12B;zah</subfield>
    <subfield code="z">Abu Sir Site.</subfield>
    <subfield code="2">qrmak</subfield>
  </datafield>
  <datafield tag="942" ind1=" " ind2=" ">
    <subfield code="2">ddc</subfield>
    <subfield code="c">BK</subfield>
  </datafield>
  <datafield tag="505" ind1="0" ind2=" ">
    <subfield code="a">1. In the shadow of Memphis -- 2. Turbulent times at the turn of two dynasties -- 3. Abusir of sons of the Sun When the Sun ruled -- Abusir: the royal necropolis -- Eternal residence of the king: the pyramid complex of Sahure -- Three royal mothers named Khentkaus -- The mystery of the unfinished pyramid -- The testimony of the papyrus archives -- Vizier Ptahshepses - influential son-in-law of the king -- The dusk of the royal cemetery -- Forgotten royal children -- The cult, rituals, and festivals -- Funerary cult of the kings buried at Abusir -- Sun temples of the Fifth Dynasty kings -- 4. South Abusir -- 5. The other Abusir.</subfield>
  </datafield>
  <datafield tag="906" ind1=" " ind2=" ">
    <subfield code="a">0</subfield>
    <subfield code="b">ibc</subfield>
    <subfield code="c">copycat</subfield>
    <subfield code="d">2</subfield>
    <subfield code="e">ncip</subfield>
    <subfield code="f">20</subfield>
    <subfield code="g">y-gencatlg</subfield>
  </datafield>
  <datafield tag="952" ind1=" " ind2=" ">
    <subfield code="0">0</subfield>
    <subfield code="1">0</subfield>
    <subfield code="4">0</subfield>
    <subfield code="7">0</subfield>
    <subfield code="a">CAI</subfield>
    <subfield code="b">CAI</subfield>
    <subfield code="c">CAIRO-LIBRARY</subfield>
    <subfield code="d">2018-04-05</subfield>
    <subfield code="l">0</subfield>
    <subfield code="o">932 / CC / V A</subfield>
    <subfield code="p">164430</subfield>
    <subfield code="r">2018-04-05 00:00:00</subfield>
    <subfield code="w">2018-04-05</subfield>
    <subfield code="y">BK</subfield>
  </datafield>
</record>
